Cities with Over 100 Skyscrapers - Statistics

General Stats
  • This quiz has been taken 127 times
    80 since last reset
  • The average score is 10 of 14
Answer Stats
# of Skyscrapers Answer % Correct
314 New York City
100%
552 Hong Kong
90%
168 Tokyo
88%
183 Shanghai
83%
137 Chicago
80%
252 Dubai
78%
188 Guangzhou
73%
112 Jakarta
67%
149 Wuhan
67%
373 Shenzhen
62%
156 Kuala Lumpur
57%
111 Bangkok
53%
117 Chengdu
50%
144 Chongqing
50%
No matching quizzes found
Score Distribution
Percent of People with Each Score
Percentile by Number Answered
Your Score History
You have not taken this quiz since the last reset